000
00310nam a2200109Ia 4500
008
200302s9999 xx 000 0 und d
100
_a
MO Zell
245
_a
The Architectural Drawing Course Understand the Principles and Master the Practices
260
_b
Thames and Hudson Ltd.
260
_c
2014
300
_a
144
999
_c
3627
_d
3627